Trysk světové ekonomiky mapovaný z Davosu Nad podněty ze Světového ekonomického fóra 1996
Davos 1996 - Svetové ekonomické fórum - hlavná pozornosť venovaná procesu globalizácie. Názory niektorých významných hospodárskych a politických pracovníkov. Vyhliadky svetovej ekonomiky do roku 2000 a postupujúca globalizácia. Proces globalizácie neuznáva hranice. Problémy reformných krajín v proce...
Guardado en:
| Autor principal: | |
|---|---|
| Formato: | Capítulo de libro |
| Lenguaje: | checo |
| Materias: | |
| Etiquetas: |
Sin Etiquetas, Sea el primero en etiquetar este registro!
|
MARC
| LEADER | 00000naa a2200000 4500 | ||
|---|---|---|---|
| 001 | r020498 | ||
| 005 | 20230920091625.7 | ||
| 041 | 0 | |a cze | |
| 044 | |a CZ | ||
| 245 | 1 | 0 | |a Trysk světové ekonomiky mapovaný z Davosu |b Nad podněty ze Světového ekonomického fóra 1996 |c Miroslav Prchal |
| 520 | |a Davos 1996 - Svetové ekonomické fórum - hlavná pozornosť venovaná procesu globalizácie. Názory niektorých významných hospodárskych a politických pracovníkov. Vyhliadky svetovej ekonomiky do roku 2000 a postupujúca globalizácia. Proces globalizácie neuznáva hranice. Problémy reformných krajín v procese globalizácie. Úloha manažérov v reformujúcich sa ekonomikách. | ||
| 610 | 2 | 0 | |a hospodárstvo svetové |
| 610 | 2 | 0 | |a globalizácia |
| 610 | 2 | 0 | |a globalizácia hospodárstva |
| 610 | 2 | 0 | |a manažéri |
| 610 | 2 | 0 | |a konferencie |
| 610 | 2 | 0 | |a Davos |
| 610 | 2 | 0 | |a Švajčiarsko |
| 610 | 2 | 0 | |a 1996 |
| 100 | 1 | |a Prchal, Miroslav | |